| 000 -ლიდერი |
| ფიქსირებული სიგრძის საკონტროლო ველი |
01231nam a22002297a 4500 |
| 003 - საკონტროლო ნომრის იდენტიფიკატორი |
| საკონტროლო ველი |
Ge_BSU |
| 005 - ბოლო ოპერაციის თარიღი და დრო |
| საკონტროლო ველი |
20240719122512.0 |
| 008 - ფიქსირებული სიგრძის მონაცემთა ელემენტები - ზოგადი ინფორმაცია |
| ფიქსირებული სიგრძის საკონტროლო ველი |
240110s2018 ge ||||| |||| 00| 0 geo d |
| 020 ## - წიგნის საერთაშორისო სტანდარტული ნომერი |
| International Standard Book Number |
9789941290954 |
| 041 ## - ენის კოდი |
| Language code of text/sound track or separate title |
geo |
| 080 ## - უნივერსალური ათობითი კლასიფიკაციის ინდექსი |
| Universal Decimal Classification number |
069.02:7(479.22) ხ-93 |
| 100 ## - მთავარი ჩანაწერი - პიროვნების სახელი |
| Personal name |
ხუნდაძე, ნინო |
| 9 (RLIN) |
21026 |
| 245 ## - ცნობა სათაურის შესახებ |
| Title |
საქართველოს ეროვნული მუზეუმი / |
| Statement of responsibility, etc |
ნინო ხუნდაძე; რედ. თამარ ჟურული; დიზაინერი ნესტან მაღალაშვილი. |
| 264 ## - წარმოების, გამოცემის, დისტრიბუციის და სხვა ცნობები |
| გამოცემის, წარმოების, დისტრიბუციის... ადგილი |
თბილისი : |
| გამოცემის, წარმოების, დისტრიბუციის... სახელწოდება |
ალიტრა L, |
| გამოცემის, წარმოების, დისტრიბუციის... თარიღი |
2018. |
| 300 ## - ფიზიკური აღწერა |
| Extent |
136 გვ.: |
| Other physical details |
ილ.; |
| Dimensions |
26 სმ. |
| 440 ## - სერიის ცნობა / დამატებულია ჩანაწერი - სათაური |
| Title |
მსოფლიოს საუკეთესო მუზეუმები ; წიგნი 7. |
| 9 (RLIN) |
21027 |
| 501 ## - შენიშვნა თანმხლებ მასალაზე |
| With note |
გარეკანზე ავტორი აღნიშნული არ არის. |
| 653 ## - INDEX TERM--UNCONTROLLED |
| Uncontrolled term |
მუზეუმი საქართველოში |
| 700 ## - ADDED ENTRY--PERSONAL NAME |
| Personal name |
ჟურული,თამარ |
| Relator term |
რედქტორი |
| 9 (RLIN) |
22885 |
| 700 ## - ADDED ENTRY--PERSONAL NAME |
| Personal name |
მაღალაშვილი, ნესტან |
| Relator term |
დიზაინერი |
| 9 (RLIN) |
22886 |
| 942 ## - ADDED ENTRY ELEMENTS (KOHA) |
| Source of classification or shelving scheme |
|
| Koha item type |
წიგნი |